Normal view
MARC view
- Lodhi, Farkhanda
Entry Personal Name
001 - CONTROL NUMBER
- control field: 14877
003 - CONTROL NUMBER IDENTIFIER
- control field: NUST
005 - DATE AND TIME OF LATEST TRANSACTION
- control field: 20190614155047.0
008 - FIXED-LENGTH DATA ELEMENTS
- fixed length control field: 190614|| aca||aabn | a|a d
040 ## - CATALOGING SOURCE
- Original cataloging agency: NUST
- Transcribing agency: NUST
100 ## - HEADING--PERSONAL NAME
- Personal name: Lodhi, Farkhanda
670 ## - SOURCE DATA FOUND
- Source citation: Work cat.: (NUST): Lodhi, Farkhanda, Her de vich traran, 1995.
